00780 2200265 4500001002100000005001700021008004100038020002200079035002400101041000800125043001200133082000800145090001600153245013400169250001100303260003500314300003200349504001700381650002800398700002500426700001900451700001000470850001200480999002200492YOGYA-0511000000050820110509084054.0 ind  a978-979-185-262-3 0010-051100000000508 aInd aYOPDYOG a810 aDEP 810 Keb aKEBERADAAN sastra dalam buku ajar bahasa Indonesia Sekolah DasarcPenyusun, Tirto Suwondo ...[et.al] Priyo Prabowo,Syamsul Arifin aCet. 1 aYogyakartabBalai Bahasac2010 avii, 128 hlm.: ilus.; 21 cm ahlm. 123-124 aKesusasteraan Indonesia aPrabowo, Dhanu Priyo aSuwondo, Tirto aRiani aYOPDYOG a2010-1689 CB-D.11